INFORMATION THEORY AND RELIABLE COMMUNICATION. (Record no. 216799)

MARC details
000 -LEADER
fixed length control field 02220nam a22001697a 4500
008 - FIXED-LENGTH DATA ELEMENTS--GENERAL INFORMATION
fixed length control field 260306b |||||||| |||| 00| 0 eng d
020 ## - INTERNATIONAL STANDARD BOOK NUMBER
International Standard Book Number 978-3-2118-1145-0
050 ## - LIBRARY OF CONGRESS CALL NUMBER
Classification number Q360 .G35 1972
100 ## - MAIN ENTRY--PERSONAL NAME
Personal name GALLAGER, ROBERT.
245 ## - TITLE STATEMENT
Title INFORMATION THEORY AND RELIABLE COMMUNICATION.
250 ## - EDITION STATEMENT
Edition statement
260 ## - PUBLICATION, DISTRIBUTION, ETC.
Place of publication, distribution, etc. NEW YORK,
Name of publisher, distributor, etc. SPRINGER-VERLAG WIEN,
Date of publication, distribution, etc. 1972.
300 ## - PHYSICAL DESCRIPTION
Extent 114 P ILL
650 ## - SUBJECT ADDED ENTRY
Topical term or geographic name entry element INFORMATION THEORY 2. TELECOMMUNICATION.
942 ## - ADDED ENTRY ELEMENTS (KOHA)
Source of classification or shelving scheme Library of Congress Classification
Koha item type Long Loan Book
Holdings
Withdrawn status Lost status Source of classification or shelving scheme Damaged status Not for loan Collection Home library Current library Shelving location Date acquired Inventory number Total checkouts Full call number Barcode Date last seen Copy number Price effective from Koha item type
    Library of Congress Classification     Science & Technology Kisii University Library Kisii University Library On Display 03/06/2026 111981   Q 360 .G35 1972 A000127 03/06/2026 1 03/06/2026 Long Loan Book
    Library of Congress Classification     Science & Technology Kisii University Library Kisii University Library On Display 03/06/2026 111982   Q 360 .G35 1972 A000125 03/06/2026 2 03/06/2026 Long Loan Book
    Library of Congress Classification     Science & Technology Kisii University Library Kisii University Library On Display 03/06/2026 111983   Q 360 .G35 1972 A000126 03/06/2026 3 03/06/2026 Long Loan Book